International journal of energy economics and policy

Detalles Bibliográficos
Formato: Electrónico Revista
Lenguaje:inglés
Publicado: Mersin, Turkey : EconJournals, 2011-
Materias:
Acceso en línea:Full text available from Research Library: 01/01/2011 to present

MARC

LEADER 00000nas a2200000 i 4500
001 ssj0000651583
003 WaSeSS
005 20200512172242.0
006 m d
007 cr n
008 120301c20119999xx qr p s | 0eng c
010 |a  2013252202 
022 |a 2146-4553  |l 2146-4553 
035 |a (WaSeSS)ssj0000651583 
040 |a HNK  |b eng  |c HNK  |d HNK  |d OCLCQ  |d HUA  |d OCLCO  |d WAU  |d OCLCQ  |d OCLCF  |d CUS  |d OCLCO  |d WaSeSS 
042 |a pcc 
050 1 4 |a HD9502.A1 
210 1 |a Int. j. energy econ. policy 
222 0 |a International journal of energy economics and policy 
245 0 0 |a International journal of energy economics and policy  |h [electronic resource]. 
246 1 3 |a IJEEP 
260 |a Mersin, Turkey :  |b EconJournals,  |c 2011- 
310 |a Quarterly 
362 1 |a Began with v. 1, no. 1 (2011). 
506 |a License restrictions may limit access. 
588 |a Description based on: V. 1, no. 1 (2011); title from article PDF (publisher's Web site, viewed April 23, 2013). 
588 |a Latest issue consulted: V. 3, no. 2 (2013) (viewed April 23, 2013). 
650 0 |a Energy policy  |v Periodicals. 
650 0 |a Power resources  |x Economic aspects  |v Periodicals. 
650 0 |a Energy consumption  |v Periodicals. 
650 7 |a Energy consumption.  |2 fast  |0 (OCoLC)fst00909986 
650 7 |a Energy policy.  |2 fast  |0 (OCoLC)fst00910200 
650 7 |a Power resources  |x Economic aspects.  |2 fast  |0 (OCoLC)fst01074294 
655 0 |a Electronic journals. 
856 4 0 |z Full text available from Research Library: 01/01/2011 to present  |u https://search.proquest.com/publication/816340